| 000 | 01723cam a2200373 a 4500 | ||
|---|---|---|---|
| 001 | 14664810 | ||
| 003 | OSt | ||
| 005 | 20230605094424.0 | ||
| 008 | 061211s2006 rw b 000 0 eng | ||
| 010 | _a 2006318688 | ||
| 020 | _a9789970025947 | ||
| 020 | _a9970025945 | ||
| 040 |
_aDLC _cDLC _dDLC |
||
| 041 | 0 |
_aeng _alug |
|
| 042 | _alcode | ||
| 043 | _af-rw--- | ||
| 082 |
_a322.4 _bPET |
||
| 245 | 0 | 0 |
_aSearching for sense and humanity : _bcivil society and the struggle for a better Rwanda : a report of the fact-finding mission to Rwanda organised under the auspices of Kituo Cha Katiba, July, 2004 - February, 2006 / _ccompiled and edited by Chris Maina Peter and Edith Kibalama. |
| 246 | 1 | 5 |
_aUgushakisha ukuri n'ubumuntu : _bsosiyete sivili n'urugamba rwo guharanira u Rwanda rwiza : raporo y'ubushakashatsi ku Rwanda yakozwe mu rwego rwa Kituo Cha Katiba, Nyakanga, 2004-Gashyantare, 2006 |
| 246 | 3 | 0 | _aCivil society and the struggle for a better Rwanda |
| 260 |
_aKampala, Uganda : _bFountain Publishers Ltd ; _aOxford, U.K. : _bAfrican Books Collective [distributor], _c2006. |
||
| 300 |
_axi, 219, xiv, 220 p. : _bmaps ; _c22 cm. |
||
| 500 | _a"Kituo Cha Katiba" (1 folded pamphlet) inserted. | ||
| 504 | _aIncludes bibliographical references (p. 177-192). | ||
| 546 | _aEnglish and Ganda; text bound back to back and inverted. | ||
| 650 | 0 |
_aCivil society _zRwanda. |
|
| 650 | 0 |
_aGenocide _zRwanda. |
|
| 700 | 1 |
_aPeter, Chris Maina, _d1954- |
|
| 700 | 1 | _aKibalama, Edith. | |
| 856 | 4 | 1 |
_3Table of contents only _uhttp://www.loc.gov/catdir/toc/fy0712/2006318688.html |
| 906 |
_a7 _bcbc _corigode _d3 _encip _f20 _gy-gencatlg |
||
| 942 |
_2ddc _cBK |
||
| 999 |
_c249 _d249 |
||